| 000 | 00985nam a2200277 a 4500 | ||
|---|---|---|---|
| 001 | 26218 | ||
| 003 | CO-ViMGA | ||
| 005 | 20230915232151.0 | ||
| 008 | 141112s2004 ck r 000 u spa d | ||
| 020 | _a9788483835043 | ||
| 040 |
_aCO-ViMGA _bspa _cCO-ViMGA |
||
| 041 | _aspa eng | ||
| 043 | _aa - jp - - - | ||
| 082 | 0 | 4 | _a895.63 M87t1 |
| 100 | 1 |
_aMurakami, Haruki, 1949 - _940920 |
|
| 245 | 1 | 0 |
_aTokio blues / _cHaruki Murakami ; traducido del japonés por Lourdes Porta. |
| 260 |
_aBarcelona : _bTusquets Editores, _c2006. |
||
| 300 | _a381 p. : 22 cm. | ||
| 650 | 1 | 4 | _aNovela japonesa. |
| 651 |
_aTokyo (Japón) - Vida social y costumbres - Novela. _940921 |
||
| 700 | 1 |
_aPorta, Lourdes, tr. _940922 |
|
| 942 |
_2ddc _cBK |
||
| 949 | _an n | ||
| 999 |
_c33407 _d33407 |
||